1509 1119 1149 1717 1607 1306 1724 1861 1215 1295 1481 1799 1285 1174 1988 1114 1086 1240 1601 1767 1452 1864 1068 1744 1159 1880 1120 1348 1342 1475 1501 1827 1824 1824 1024 1631 1664 1652 1218 1014 1436 1017 1572 1962 1890 1245 1026 1978 1139 1273 1391 1640 1398 1787 1688 1994 1696 1680 1377 1182 1077 1656 1500 1955 1434 1804 1132 1881 1735 1146 1468 1547 1150 1431 1868 1793 1041 1049 1082 1180 1232 1342 1427 1895 1890 1586 1181 1522 1360 1859 1567 1172 1100 1149 1227 1700 1314 1824 1266 BCNSPRNW ULIB Ver.6.0+V

เปลี่ยนเป็นภาษาไทย

Change to English
 แสดงรายละเอียดบรรณานุกรม
  กลับหน้าหลัก

Brief Record : Get Marc (ISO 2709) : E-mail record : QR code < ปิดหน้าต่าง
LEADER : 00000nam 2200000uu 4500
001    13399121329
003     ULIB
008    121115s2550||||th 000 0 tha d
020    ^a9789749749005
050 04 ^aTK7885^bภ488ค
100 0  ^aภาษิต เครืองเนียม
245 10 ^aคู่มือโปรแกรม Microsoft Office Excel 2007 ฉบับสมบูรณ์ /^cโดย ภาษิต เครืองเนียม ; บรรณาธิการ, จีราวุธ วารินทร์
246 30 ^aMicrosoft Office Excel 2007 ฉบับสมบูรณ์
250    ^aพิมพ์ครั้งที่ 1
260    ^aนนทบุรี :^bไอดีอินโฟ ดิสทริบิวเตอร์ เซ็นเตอร์,^c2550
300    ^axiv, 326 หน้า :^bภาพประกอบ ;^c23 ซม. +^eซีดี-รอม 1 แผ่น
650  4 ^aเอ็กเซล (โปรแกรมคอมพิวเตอร์)
650  4 ^aเอ็กเซล 2007 (โปรแกรมคอมพิวเตอร์)
700 0  ^aจีราวุธ วารินทร์,^eบรรณาธิการ
945    ^p199^l0^i14827
995    ^aวิภา
999 ^a ทศพร
รายการนี้ยังไม่มีแท็ก
คุณยังไม่ได้ล็อกอิน คุณสามารถมีกิจกรรมร่วมกับเว็บไซต์ได้ แต่ต้องล็อกอินก่อน ::
  ล็อกอิน

รายการสื่อสารสนเทศ

ลำดับที่ ประเภท เลขเรียก/บาร์โค้ด สถานที่ สถานะ
1. วิทยาศาสตร์การแพทย์ และสุขภาพ
วิทยาศาสตร์การแพทย์ และสุขภาพ
TK7885 ภ488ค  
  Barcode: 14827
ห้องสมุดวิทยาเขตสวรรค์ประชารักษ์
►หนังสือทั่วไป
บนชั้น

รายการใกล้เคียง
    ผู้แต่ง [ภาษิต เครืองเนียม]

    หัวเรื่อง [เอ็กเซล (โปรแกรมคอมพิวเตอร์)]
    หัวเรื่อง [เอ็กเซล 2007 (โปรแกรมคอมพิวเตอร์)]

BibComment


ยังไม่เคยถูกคอมเมนท์

คอมเมนท์ทรัพยากรรายการนี้
  คอมเมนท์: คู่มือโปรแกรม Mi..


 Copyright 2026. Bcnsprnw @Library